00684nam a2200241 a 4500001001300000003000900013005001700022008004100039020001000080082001300090100001800103245007100121260004200192300000900234500003500243505001000278650001300288700001800301902000800319942000700327952009300334999001500427nice12345678IN_TiNIC20260116011853.0050524s1949 newa grp 000 0 eng  ac10000a266bALL aAllen, Roland aSpontaneous Expansion of the Church and the Causes Which Hinder It aNew YorkbWorld Dominiion Pressc1949 a220p aincludes index and biblioraphy2 aIndex aMissions1 aAllen, Roland bSRS cBK 00104070aHMIbHMId2007-07-11g100.00l0o266 ALLp6481r2007-07-11w2026-01-16yARB c4595d4595